Music Quiz

Random Music or Lyrics Quiz

Can you name the English words in SUPER JUNIOR 2YA2YAO? Quiz Stats

 Plays Quiz not verified by Sporcle

Support Sporcle.
Go Orange.
Score 0/97 Timer 10:00
0 Plays Today
% Correct
You
98.5%
You
98.5%
You
98.5%
You
98.5%
You
98.5%
You
98.5%
you
98.5%
We
96.2%
we
96.2%
are
94.7%
are
94.7%
are
94.7%
are
94.7%
are
94.7%
are
94.7%
are
94.7%
are
94.7%
a
92.5%
the
92.5%
the
92.5%
and
92.5%
No
91.7%
no
91.7%
no
91.7%
young
87.2%
me
86.5%
me
86.5%
Now
78.9%
of
78.9%
swim
77.4%
mob
77.4%
Hit
77.4%
to
75.9%
% Correct
boss
75.2%
Have
73.7%
what
72.9%
I
72.2%
it
72.2%
up
72.2%
up
72.2%
I
72.2%
come
70.7%
come
70.7%
come
70.7%
come
70.7%
come
70.7%
come
70.7%
whenever
70.7%
well
69.2%
well
69.2%
well
69.2%
well
69.2%
well
69.2%
well
69.2%
ever
69.2%
Let
69.2%
go
68.4%
say
67.7%
Ready
66.9%
SUPER
66.9%
JUNIOR
66.9%
Whatever
65.4%
Showmanship
65.4%
we're
64.7%
yeah
64.7%
Yeah
64.7%
% Correct
yeah
64.7%
direction
63.9%
direction
63.9%
direction
63.9%
mix
62.4%
Forever
61.7%
outside
60.2%
Swipe
56.4%
Piper
54.9%
Pied
53.4%
answer
51.1%
Do
50.4%
Do
50.4%
do
50.4%
do
50.4%
do
50.4%
do
50.4%
do
50.4%
do
50.4%
2YA2YAO
47.4%
There's
45.1%
Test
38.3%
tomorrow
37.6%
Adrenaline
33.8%
Gap
32.3%
Hey
32.3%
Chapter
29.3%
see
29.3%
mean
27.8%
Catch
27.1%
whoa
14.3%

You're not logged in!

Compare scores with friends on all Sporcle quizzes.
OR
Log In

From the Vault

Christmas Carol Lyrics Vocabulary

by Tootsnsuch

Grab the wassail and get ready for some yuletide joy!
Remove Ads.
Support Sporcle.
Get the best of Sporcle when you Go Orange. This ad-free experience offers more features, more stats, and more fun while also helping to support Sporcle. Thank you for becoming a member.

Show Comments

Extras

Top Quizzes Today


Score Distribution

Your Account Isn't Verified!

In order to create a playlist on Sporcle, you need to verify the email address you used during registration. Go to your Sporcle Settings to finish the process.

Report this User

Report this user for behavior that violates our Community Guidelines.

Details: